Varnna Raaji (Record no. 49162)
[ view plain ]
| 000 -LEADER | |
|---|---|
| fixed length control field | 00420nam a2200145Ia 4500 |
| 008 - FIXED-LENGTH DATA ELEMENTS--GENERAL INFORMATION | |
| fixed length control field | 211109s9999||||xx |||||||||||||| ||und|| |
| 082 ## - DEWEY DECIMAL CLASSIFICATION NUMBER | |
| Classification number | 894.81207 |
| Item number | LEE-V |
| 100 ## - MAIN ENTRY--PERSONAL NAME | |
| Personal name | Leelavathi, M |
| 245 #0 - TITLE STATEMENT | |
| Title | Varnna Raaji |
| 260 ## - PUBLICATION, DISTRIBUTION, ETC. | |
| Name of publisher, distributor, etc. | Current Books Kottayam |
| Place of publication, distribution, etc. | No 57, 30/5/95 |
| Date of publication, distribution, etc. | 1977 |
| 300 ## - PHYSICAL DESCRIPTION | |
| Extent | 523p. |
| 630 ## - SUBJECT ADDED ENTRY--UNIFORM TITLE | |
| General subdivision | General stack |
| 650 ## - SUBJECT ADDED ENTRY--TOPICAL TERM | |
| Topical term or geographic name entry element | Malayalam literature |
| 942 ## - ADDED ENTRY ELEMENTS (KOHA) | |
| Koha item type | BOOK |
| 650 ## - SUBJECT ADDED ENTRY--TOPICAL TERM | |
| Form subdivision | Literature & rhetoric |
| General subdivision | Malayalam studyGeneralia |
| Withdrawn status | Lost status | Damaged status | Not for loan | Home library | Current library | Date acquired | Cost, normal purchase price | Total Checkouts | Full call number | Barcode | Shelving location | Date last seen | Price effective from | Koha item type |
|---|---|---|---|---|---|---|---|---|---|---|---|---|---|---|
| SB LIBRARY | SB LIBRARY | 09/11/2021 | 100.00 | 894.81207 LEE-V | 00091301 | GENERAL STACK | 09/11/2021 | 09/11/2021 | BOOK |